000
00496nam a2200169Ia 4500
008
090711s9999 xx 000 0 und d
082
_b
1434
100
_a
देशकर दादा
245
_a
मनोरुग्ण
260
_b
राज पब्लिकेशन्स
_c
1997
300
_a
142
600
_a
देशकर दादा
630
_a
मनोरुग्ण
700
_a
देशकर दादा
730
_a
मनोरुग्ण
942
_c
BOOK
999
_c
324920
_d
324920